| 000 | 00684nam a22001937a 4500 | ||
|---|---|---|---|
| 999 |
_c172009 _d172009 |
||
| 005 | 20200124150338.0 | ||
| 010 | _aA-678249 | ||
| 020 | _c13.00 | ||
| 035 | _aA-678249 | ||
| 037 | _bBPPD/Pub. | ||
| 082 | _a745.6 | ||
| 100 | _aامیر حسن نورانی | ||
| 245 |
_aمونشی نول کشور اور ان کے خطاط و خوش نویس / _cامیر حسن نورانی |
||
| 246 |
_aMunshi Naval Kishore Aur Unkey Khattat Va Khush Naves (Urdu) / _bby Amir Hasan Norani |
||
| 260 |
_aNew Delhi _bTaraqqi Urdu Bureau _c1994 ء |
||
| 270 |
_aWest Block 8, R. K. Puram _bNew Delhi _e110066 |
||
| 300 |
_a111p. _c22cm(Hb) |
||
| 942 |
_2ddc _cUR _h745.6 _mا م ی |
||